|
|
|
|
| LEADER |
00818cam a2200217 7i4500 |
| 001 |
0000077240 |
| 005 |
20230413090000.0 |
| 020 |
|
|
|a 9781003223054 (electronic book)
|
| 090 |
0 |
0 |
|a TS156
|b .K58 2022
|
| 100 |
1 |
|
|a Kitazume, Masaki
|
| 245 |
1 |
0 |
|a Quality control and assurance of the deep mixing method
|c Masaki Kitazume.
|
| 264 |
|
|
|a Boca Raton:
|b CRC Press,
|c 2022.
|
| 300 |
|
|
|a 1 online resource (xiv, 126 pages):
|b illustrations (some color), text file, PDF.
|
| 336 |
|
|
|a text
|2 rdacontent
|
| 337 |
|
|
|a computer
|2 rdamedia
|
| 338 |
|
|
|a online resource
|2 rdacarrier
|
| 650 |
|
0 |
|a Quality control
|
| 655 |
|
0 |
|a Electronic books
|
| 856 |
4 |
2 |
|u http://library.unisel.edu.my/web/guest/mylibrary
|
| 997 |
|
|
|a Engineering & Life Sciences, Faculty
|b Engineering, Department
|
| 999 |
|
|
|a EBO0019920
|b EBOOK
|c EBOOK
|e Electronic resources
|